[Event "World Corporate West A"]
[Site "Chess.com INT"]
[Date "2021.02.21"]
[Round "4.6"]
[White "Liou, Yian"]
[Black "Wojciechowski, Piotr"]
[Result "1/2-1/2"]
[WhiteElo "2393"]
[BlackElo "2206"]
[PlyCount "75"]
[EventDate "2021.02.20"]
[EventType "team (rapid)"]
[EventRounds "7"]
[EventCountry "USA"]
[SourceTitle "CBM 200 Extra"]
[Source "ChessBase"]
[SourceDate "2021.03.31"]
[SourceVersion "1"]
[SourceVersionDate "2021.03.31"]
[SourceQuality "1"]
[WhiteTeam "Workday"]
[BlackTeam "Nvidia"]
[WhiteTeamCountry "USA"]
[BlackTeamCountry "USA"]

1. e4 c5 2. Nc3 e6 3. Nge2 Nc6 4. d4 cxd4 5. Nxd4 Qc7 6. Be3 a6 7. Qf3 Nf6 8. 0-0-0 Bb4 9. Nxc6 Qxc6 10. Bd4 Bxc3 11. Bxc3 Qxe4 12. Qxe4 Nxe4 13. Bxg7 Rg8 14. Bd4 d5 15. f3 Nd6 16. Bc5 Kd7 17. g3 Kc6 18. Bxd6 Kxd6 19. c4 Bd7 20. cxd5 exd5 21. Bd3 h5 22. Bc2 Rac8 23. Kb1 h4 24. Rhg1 hxg3 25. hxg3 f5 26. Bb3 Be6 27. Rd4 Rc5 28. Rf4 Ke5 29. Re1+ Kd6 30. g4 Rg5 31. Bd1 Rc4 32. Rxc4 dxc4 33. f4 Rg7 34. g5 Rh7 35. Bf3 b5 36. Rd1+ Ke7 37. Re1 Kd6 38. Rd1+ 1/2-1/2

[Event "Bay Area op"]
[Site "Burlingame"]
[Date "2019.01.05"]
[Round "6"]
[White "Le, Quang Liem"]
[Black "Liou, Yian"]
[Result "1-0"]
[WhiteElo "2714"]
[BlackElo "2412"]
[PlyCount "147"]
[EventDate "2019.01.01"]
[EventType "swiss"]
[EventRounds "9"]
[EventCountry "USA"]
[SourceTitle "CBM 188 Extra"]
[Source "ChessBase"]
[SourceDate "2019.02.26"]
[SourceVersion "1"]
[SourceVersionDate "2019.02.26"]
[SourceQuality "1"]

1. e4 e5 2. Nf3 Nc6 3. Bb5 a6 4. Ba4 Nf6 5. 0-0 Be7 6. Re1 b5 7. Bb3 d6 8. c3 0-0 9. h3 Nb8 10. d4 Nbd7 11. Nbd2 Bb7 12. Bc2 Re8 13. a4 Bf8 14. Bd3 c6 15. Qc2 g6 16. b4 Nb6 17. axb5 axb5 18. Rxa8 Bxa8 19. Nb3 Nbd7 20. Bg5 h6 21. Be3 Qc7 22. dxe5 dxe5 23. Ra1 Bb7 24. c4 bxc4 25. Bxc4 c5 26. Nfd2 Rc8 27. Ra7 Ra8 28. Rxa8 Bxa8 29. bxc5 Bc6 30. Bd3 Qa7 31. Qc3 Qa4 32. Na5 Ne8 33. Nxc6 Qxc6 34. Nb3 Qc7 35. Bb5 Ndf6 36. Qc4 Qd8 37. Nd2 Nc7 38. Bc6 Qc8 39. Bd5 Qd7 40. c6 Qe8 41. Bb6 Bd6 42. Qd3 Qe7 43. Bb3 Kg7 44. Qc2 Nce8 45. g3 Bc7 46. Bc5 Bd6 47. Be3 Bc7 48. Kg2 Nd6 49. Qc5 Nc8 50. Qb5 Nd6 51. Qa4 Qe8 52. Bd5 Nc8 53. Nc4 Ne7 54. Qb5 Qd8 55. Nb6 Nc8 56. Nxc8 Qxc8 57. Qc4 Qe8 58. Qc1 Ng8 59. Kh2 h5 60. Qb2 Nf6 61. Bg5 Qb8 62. Qb7 Qd8 63. Kg2 Qd6 64. Qb3 Qf8 65. Qe3 Qd6 66. Qf3 Bd8 67. Bc1 Bb6 68. Ba3 Bc5 69. Bb2 Bb6 70. g4 hxg4 71. hxg4 Qe7 72. g5 Nh7 73. Bxe5+ Kg8 74. Qf4 1-0

[Event "PRO League Pacific"]
[Site "Chess.com INT"]
[Date "2017.02.01"]
[Round "4"]
[White "Sargissian, Gabriel"]
[Black "Liou, Yian"]
[Result "1-0"]
[WhiteElo "2667"]
[BlackElo "2414"]
[PlyCount "191"]
[EventDate "2017.01.11"]
[EventType "team-swiss (rapid)"]
[EventRounds "7"]
[EventCountry "USA"]
[SourceTitle "CBM 176 Extra"]
[Source "ChessBase"]
[SourceDate "2017.03.02"]
[SourceVersion "1"]
[SourceVersionDate "2017.03.02"]
[SourceQuality "1"]
[WhiteTeam "Seattle Sluggers"]
[BlackTeam "San Francisco Mechanics"]
[WhiteTeamCountry "USA"]
[BlackTeamCountry "USA"]

1. d4 d5 2. c4 c6 3. Nc3 Nf6 4. e3 a6 5. Nf3 g6 6. Be2 Bg7 7. 0-0 0-0 8. b3 Ne4 9. Bb2 Nxc3 10. Bxc3 Bg4 11. Rc1 Nd7 12. cxd5 cxd5 13. Qd2 Nf6 14. Ba5 b6 15. Bb4 Ne4 16. Qb2 a5 17. Ba3 Qd7 18. Rfe1 Rfc8 19. h3 Bxf3 20. Bxf3 e6 21. Rxc8+ Rxc8 22. Rc1 Bf8 23. Bxf8 Rxc1+ 24. Qxc1 Kxf8 25. Bxe4 dxe4 26. Qc4 Qd6 27. a4 h5 28. g3 Qd5 29. Kg2 Kg7 30. h4 Kf8 31. Qc3 Kg7 32. b4 axb4 33. Qxb4 Qa2 34. Qxb6 Qxa4 35. Qc7 Qa8 36. Qe5+ Kg8 37. Kh3 Qa2 38. Kg2 Qa8 39. Qf4 Qc6 40. g4 hxg4 41. Qxg4 Kf8 42. Kg3 Qc2 43. Qf4 Qb1 44. Kg2 Qc2 45. h5 gxh5 46. Qh6+ Ke8 47. Qh8+ Ke7 48. Qxh5 Qb1 49. Qh4+ Ke8 50. Qh8+ Ke7 51. Qe5 Kf8 52. Qf6 Ke8 53. Qh4 Kd7 54. Kg3 Qb8+ 55. Kg4 f5+ 56. Kh3 Qb1 57. Kg2 Qd1 58. Qf4 Qh5 59. Qg3 Qd1 60. Qf4 Qh5 61. Kg3 Qd1 62. Kh4 Qg1 63. Qg3 Qh1+ 64. Kg5 Qh8 65. Qe5 Qg8+ 66. Kh6 Qe8 67. Qb5+ Ke7 68. Qc5+ Kd7 69. Qa7+ Kd6 70. Qa3+ Kd7 71. Qa7+ Kd6 72. Qg7 Qb5 73. Qf8+ Kd7 74. Kg7 Qe2 75. Kf6 Qxf2 76. Qe7+ Kc6 77. Qxe6+ Kb7 78. Qb3+ Ka7 79. Ke5 Qf3 80. d5 f4 81. Qa3+ Kb6 82. Qb4+ Ka6 83. Qa4+ Kb6 84. Qc6+ Ka5 85. Qc3+ Kb6 86. Qb4+ Ka7 87. Qe7+ Kb6 88. Qf6+ Kb5 89. Qxf4 Qg2 90. Qxe4 Qg5+ 91. Kd4 Qg7+ 92. Qe5 Qa7+ 93. Kd3 Qa3+ 94. Qc3 Qa2 95. Qc6+ Ka5 96. Qa8+ 1-0

[Event "PRO League Pacific"]
[Site "Chess.com INT"]
[Date "2017.01.25"]
[Round "3"]
[White "Liou, Yian"]
[Black "Durarbayli, Vasif"]
[Result "0-1"]
[WhiteElo "2414"]
[BlackElo "2616"]
[PlyCount "110"]
[EventDate "2017.01.11"]
[EventType "team-swiss (rapid)"]
[EventRounds "7"]
[EventCountry "USA"]
[SourceTitle "CBM 176 Extra"]
[Source "ChessBase"]
[SourceDate "2017.03.02"]
[SourceVersion "1"]
[SourceVersionDate "2017.03.02"]
[SourceQuality "1"]
[WhiteTeam "San Francisco Mechanics"]
[BlackTeam "Webster Windmills"]
[WhiteTeamCountry "USA"]
[BlackTeamCountry "USA"]

1. e4 c5 2. Nf3 d6 3. d4 cxd4 4. Nxd4 Nf6 5. Nc3 Nc6 6. Bg5 e6 7. Qd3 Be7 8. Be2 Qa5 9. Bh4 a6 10. Nb3 Qc7 11. 0-0 b5 12. a3 Bb7 13. Bg3 Ne5 14. Qe3 0-0 15. Rad1 Rab8 16. Kh1 Ba8 17. Nd2 Rfc8 18. Qd4 Qb6 19. Qxb6 Rxb6 20. f3 Rbb8 21. Rb1 Nh5 22. Rfd1 Nxg3+ 23. hxg3 h5 24. Nf1 Nc4 25. Bxc4 Rxc4 26. Ne3 Rc5 27. Kg1 Rbc8 28. Ne2 a5 29. c3 Bb7 30. Kf2 a4 31. Rd2 g6 32. Nf4 Kg7 33. Rbd1 Rd8 34. Nd3 Rcc8 35. Nb4 h4 36. gxh4 Bxh4+ 37. g3 Be7 38. Nec2 Rc5 39. Rh1 Bg5 40. Rdd1 Bf6 41. Nd4 d5 42. exd5 Bxd5 43. Ne2 Bb7 44. Rxd8 Bxd8 45. Rd1 Bb6 46. Kg2 Re5 47. Nf4 Re3 48. Rf1 g5 49. Nh5+ Kg6 50. g4 Re2+ 51. Kh3 Bc7 52. Ng3 Rxb2 53. Nd3 Rc2 54. Nc5 Bc6 55. Nce4 Bxe4 0-1

[Event "PRO League Pacific"]
[Site "Chess.com INT"]
[Date "2017.01.25"]
[Round "3"]
[White "Nyzhnyk, Illya"]
[Black "Liou, Yian"]
[Result "1/2-1/2"]
[WhiteElo "2616"]
[BlackElo "2414"]
[PlyCount "89"]
[EventDate "2017.01.11"]
[EventType "team-swiss (rapid)"]
[EventRounds "7"]
[EventCountry "USA"]
[SourceTitle "CBM 176 Extra"]
[Source "ChessBase"]
[SourceDate "2017.03.02"]
[SourceVersion "1"]
[SourceVersionDate "2017.03.02"]
[SourceQuality "1"]
[WhiteTeam "Webster Windmills"]
[BlackTeam "San Francisco Mechanics"]
[WhiteTeamCountry "USA"]
[BlackTeamCountry "USA"]

1. d4 d5 2. Nf3 Nf6 3. c4 c6 4. Nc3 a6 5. g3 g6 6. Bg2 Bg7 7. 0-0 0-0 8. b3 Bf5 9. Bb2 Ne4 10. e3 Nxc3 11. Bxc3 Be4 12. Bh3 Bxf3 13. Qxf3 e6 14. Rac1 Nd7 15. Qe2 Nf6 16. f3 Re8 17. e4 Nd7 18. e5 dxc4 19. Qxc4 Rc8 20. b4 Nb6 21. Qb3 Nd5 22. Bb2 Qb6 23. Rc4 Bxe5 24. f4 Bg7 25. Bg2 Rcd8 26. h4 Ne7 27. Rd1 Nf5 28. Kh2 h5 29. a4 Rd6 30. b5 axb5 31. axb5 cxb5 32. Rb4 Nxd4 33. Bxd4 Rxd4 34. Rdxd4 Bxd4 35. Rxb5 Qd6 36. Rxb7 Bf6 37. Qb6 Qxb6 38. Rxb6 Kg7 39. Ra6 Re7 40. Bf3 e5 41. fxe5 Rxe5 42. Ra2 Re3 43. Kg2 Be5 44. Re2 Rxe2+ 45. Bxe2 1/2-1/2

[Event "PRO League Pacific"]
[Site "Chess.com INT"]
[Date "2017.01.11"]
[Round "1"]
[White "Petesch, Gabriel N"]
[Black "Liou, Yian"]
[Result "0-1"]
[WhiteElo "2260"]
[BlackElo "2414"]
[PlyCount "106"]
[EventDate "2017.01.11"]
[EventType "team-swiss (rapid)"]
[EventRounds "7"]
[EventCountry "USA"]
[SourceTitle "CBM 176 Extra"]
[Source "ChessBase"]
[SourceDate "2017.03.02"]
[SourceVersion "1"]
[SourceVersionDate "2017.03.02"]
[SourceQuality "1"]
[WhiteTeam "Pittsburgh Pawngrabbers"]
[BlackTeam "San Francisco Mechanics"]
[WhiteTeamCountry "USA"]
[BlackTeamCountry "USA"]

1. d4 d5 2. c4 c6 3. Nf3 Nf6 4. Qc2 g6 5. g3 Bg7 6. Bg2 0-0 7. 0-0 Be6 8. b3 Bc8 9. Nbd2 a6 10. a4 Bg4 11. Ba3 Nbd7 12. Rfe1 Re8 13. Rad1 Qb6 14. h3 Bf5 15. Qa2 Ne4 16. Bb2 Nxd2 17. Rxd2 Be4 18. Red1 Rad8 19. Ne1 Bxg2 20. Nxg2 Nf6 21. Rc2 e6 22. Ne1 Ne4 23. Nf3 dxc4 24. bxc4 c5 25. e3 Qc7 26. Kg2 Rd7 27. Qb3 Red8 28. Kf1 cxd4 29. exd4 Nd6 30. g4 Nc8 31. Rcd2 Nd6 32. Ne5 Bxe5 33. dxe5 Ne4 34. Rxd7 Rxd7 35. Rxd7 Qxd7 36. Qc2 Nc5 37. a5 Qc6 38. Ke2 Kf8 39. Qd2 Qe4+ 40. Kd1 Nd3 41. Ba3+ Ke8 42. Qh6 Nxf2+ 43. Kc1 Qxc4+ 44. Kb2 Nd3+ 45. Ka1 Qc3+ 46. Ka2 Nb4+ 47. Bxb4 Qxb4 48. Qxh7 Qxa5+ 49. Kb3 Qb5+ 50. Kc2 Qxe5 51. Qg8+ Ke7 52. Qc8 Qe4+ 53. Kc3 Qc6+ 0-1

[Event "USA-ch U16"]
[Site "Saint Louis"]
[Date "2015.07.15"]
[Round "9"]
[White "Bodek, Michael H"]
[Black "Liou, Yian"]
[Result "1/2-1/2"]
[WhiteElo "2425"]
[BlackElo "2417"]
[PlyCount "163"]
[EventDate "2015.07.07"]
[EventType "tourn"]
[EventRounds "9"]
[EventCountry "USA"]
[EventCategory "6"]
[SourceTitle "CBM 167 Extra"]
[Source "ChessBase"]
[SourceDate "2015.09.14"]
[SourceVersion "1"]
[SourceVersionDate "2015.09.14"]
[SourceQuality "1"]

1. c4 c6 2. e4 d5 3. exd5 cxd5 4. d4 Nf6 5. Nc3 g6 6. Qb3 Bg7 7. cxd5 0-0 8. Nge2 Na6 9. g3 Qb6 10. Qxb6 axb6 11. Bg2 Nb4 12. 0-0 Rd8 13. d6 Rxd6 14. Bf4 Rd7 15. Be5 Nd3 16. Bxf6 Bxf6 17. Nd5 Rd6 18. Nec3 Nxb2 19. Ne4 Rd8 20. Nexf6+ exf6 21. Nxb6 Ra5 22. Rfb1 Na4 23. Nxc8 Rxc8 24. Rxb7 Nc3 25. Bf3 f5 26. Kg2 Ra4 27. Rd7 Rcc4 28. d5 Rd4 29. Rc1 Ra3 30. Rc2 Kg7 31. Rb2 Ra8 32. Rc7 Ne4 33. Bxe4 fxe4 34. Rbb7 Rf8 35. Re7 Rxd5 36. Rxe4 Rf5 37. Rbb4 g5 38. a4 Ra8 39. Rb5 Rxa4 40. Rxf5 Rxe4 41. Rxg5+ Kf6 42. Ra5 Rb4 43. Ra6+ Kg7 44. Kh3 Rb2 45. Kg2 Rb4 46. Rd6 Ra4 47. Rb6 Rc4 48. f3 Rc2+ 49. Kh3 Rf2 50. Rb3 h5 51. g4 hxg4+ 52. fxg4 f6 53. Kg3 Rf1 54. h4 Kg6 55. Rb5 Ra1 56. h5+ Kh6 57. Rb8 Rg1+ 58. Kf3 Rf1+ 59. Kg2 Rf4 60. Kg3 Rf1 61. Ra8 Rg1+ 62. Kf3 Rf1+ 63. Ke4 f5+ 64. gxf5 Kxh5 65. Ke5 Kh6 66. Ke6 Rb1 67. Rd8 Kg5 68. Rg8+ Kh6 69. Rg6+ Kh7 70. Rg2 Rb6+ 71. Ke7 Rb7+ 72. Kf6 Rb6+ 73. Kg5 Kg7 74. Ra2 Rc6 75. Ra7+ Kf8 76. Rh7 Kg8 77. Rb7 Ra6 78. Rc7 Kf8 79. Rd7 Rb6 80. Ra7 Rc6 81. f6 Rc1 82. Ra8+ 1/2-1/2

[Event "USA-ch U16"]
[Site "Saint Louis"]
[Date "2015.07.12"]
[Round "6"]
[White "Liou, Yian"]
[Black "Liang, Awonder"]
[Result "1/2-1/2"]
[WhiteElo "2417"]
[BlackElo "2404"]
[PlyCount "165"]
[EventDate "2015.07.07"]
[EventType "tourn"]
[EventRounds "9"]
[EventCountry "USA"]
[EventCategory "6"]
[SourceTitle "CBM 167 Extra"]
[Source "ChessBase"]
[SourceDate "2015.09.14"]
[SourceVersion "1"]
[SourceVersionDate "2015.09.14"]
[SourceQuality "1"]

1. e4 c5 2. Nf3 d6 3. d4 cxd4 4. Qxd4 Nf6 5. c4 Nc6 6. Qe3 Bg4 7. Be2 g6 8. 0-0 Bg7 9. Nc3 0-0 10. h3 Bxf3 11. Bxf3 Nd7 12. Rd1 Rc8 13. Be2 a6 14. Rb1 Qa5 15. Bd2 Qc5 16. Na4 Qxe3 17. Bxe3 a5 18. a3 h5 19. Bf1 Rfd8 20. f3 Rb8 21. Rd5 Rdc8 22. b3 Nf6 23. Rd2 Nd7 24. Kf2 Nf8 25. Nb6 Re8 26. Nd5 Ne6 27. Rbd1 Kf8 28. Be2 Ne5 29. Nb6 Kg8 30. b4 Red8 31. f4 Nd7 32. Nd5 axb4 33. axb4 Nf6 34. Kf3 Kf8 35. Nb6 Nd7 36. e5 Nxb6 37. Bxb6 Rdc8 38. exd6 exd6 39. Rxd6 Ra8 40. Rd7 Ra3+ 41. R1d3 Ra4 42. Rb3 Rb8 43. Bd1 Ra2 44. Be3 Bf6 45. Rbd3 Rb2 46. Bb3 b6 47. c5 bxc5 48. Bxe6 fxe6 49. Bxc5+ Kg8 50. Re3 Re8 51. Rdd3 g5 52. fxg5 Bxg5 53. Re2 Rb1 54. Rd7 Bf6 55. Ke4 Bc3 56. Re3 Bf6 57. Rg3+ Kh8 58. Rf7 Bh4 59. Rgg7 Re1+ 60. Kd3 Bf6 61. Rg6 Ba1 62. Rh6+ Kg8 63. Ra7 e5 64. Kd2 Rb1 65. Rg6+ Kh8 66. Kc2 Rf1 67. Rh6+ Kg8 68. Rxh5 Rc8 69. Kd3 Rd8+ 70. Kc4 Rc1+ 71. Kb5 e4 72. Re7 Rb8+ 73. Ka4 Ra8+ 74. Kb5 Rb8+ 75. Kc6 Rxb4 76. Rd5 Rd4 77. Rg5+ Kh8 78. Rh5+ Kg8 79. Ra7 Rd8 80. Rg5+ Kh8 81. Rh5+ Kg8 82. Rg5+ Kh8 83. Rh5+ 1/2-1/2

[Event "USA tt playoff"]
[Site "ICC INT"]
[Date "2014.11.12"]
[Round "1"]
[White "Xiong, Jeffery"]
[Black "Liou, Yian"]
[Result "1-0"]
[WhiteElo "2467"]
[BlackElo "2417"]
[PlyCount "145"]
[EventDate "2014.11.12"]
[EventType "team-k.o."]
[EventRounds "3"]
[EventCountry "USA"]
[SourceTitle "EXT 2015"]
[Source "ChessBase"]
[SourceDate "2014.11.20"]
[SourceVersion "1"]
[SourceVersionDate "2014.11.20"]
[SourceQuality "1"]
[WhiteTeam "Dallas"]
[BlackTeam "San Francisco"]
[WhiteTeamCountry "USA"]
[BlackTeamCountry "USA"]

1. e4 e5 2. Nf3 Nc6 3. Bb5 a6 4. Ba4 Nf6 5. 0-0 Be7 6. Bxc6 dxc6 7. d3 Nd7 8. Nbd2 c5 9. Nc4 f6 10. Nh4 0-0 11. Nf5 Nb6 12. Nce3 g6 13. Nxe7+ Qxe7 14. b3 Be6 15. Bb2 Qd6 16. Qf3 Nd7 17. Qg3 Rf7 18. f4 Rg7 19. fxe5 fxe5 20. Rf2 Re8 21. h3 b6 22. Rd1 Ree7 23. Rdd2 Re8 24. Nf1 Bf7 25. Nh2 Kh8 26. Rd1 Bg8 27. Rdf1 Re6 28. Ng4 h5 29. Nh2 Rge7 30. Nf3 Re8 31. Qg5 Qe7 32. Qh6+ Qh7 33. Qe3 Qg7 34. Bc3 a5 35. a3 R6e7 36. Ng5 Rf8 37. Rxf8 Nxf8 38. Qg3 Nd7 39. Qh4 Re8 40. Rf3 a4 41. bxa4 c4 42. g4 Nf6 43. d4 Nxe4 44. Nxe4 Bd5 45. gxh5 g5 46. h6 Qg6 47. Qxg5 Bxe4 48. Qxg6 Bxg6 49. dxe5 Kh7 50. Rf4 Kxh6 51. Rxc4 Re7 52. Kf2 Kh7 53. Bb2 Bf5 54. Kg3 Be6 55. Rf4 Bd7 56. Bc3 Kg8 57. h4 Re6 58. Rc4 Rg6+ 59. Kf2 c5 60. a5 Be6 61. Rf4 bxa5 62. Bxa5 Bd5 63. c4 Bb7 64. Bc7 Rg2+ 65. Kf1 Rc2 66. e6 Rxc4 67. Rxc4 Ba6 68. e7 Bxc4+ 69. Ke1 Bb5 70. Bd6 c4 71. Kd2 Kf7 72. Kc3 Ke6 73. h5 1-0

[Event "Vojvodina-ch 5th"]
[Site "Novi Sad"]
[Date "2014.07.17"]
[Round "8"]
[White "Liou, Yian"]
[Black "Sorgic, Dragan"]
[Result "1-0"]
[WhiteElo "2387"]
[BlackElo "2238"]
[PlyCount "145"]
[EventDate "2014.07.12"]
[EventType "swiss"]
[EventRounds "9"]
[EventCountry "YUG"]
[SourceTitle "CBM 161 Extra"]
[Source "ChessBase"]
[SourceDate "2014.08.29"]
[SourceVersion "1"]
[SourceVersionDate "2014.08.29"]
[SourceQuality "1"]

1. e4 e5 2. Nf3 Nc6 3. Bb5 a6 4. Ba4 Nf6 5. 0-0 Be7 6. Re1 b5 7. Bb3 d6 8. c3 0-0 9. h3 Na5 10. Bc2 c5 11. d4 Nd7 12. Nbd2 cxd4 13. cxd4 Nc6 14. d5 Nb4 15. Bb1 a5 16. a3 Na6 17. b4 Nb6 18. Qb3 Bd7 19. Bd3 Na4 20. Nf1 axb4 21. axb4 Qb6 22. Bd2 Rfc8 23. Rac1 Qd8 24. Ne3 g6 25. Rxc8 Rxc8 26. Nc2 Ra8 27. Qb1 Qb8 28. Na3 Nc7 29. Qb3 Qb7 30. Rc1 Bd8 31. Be3 Nb6 32. Nd2 Ra4 33. Ndb1 Na6 34. Nc2 Nc7 35. Nc3 Ra8 36. Na3 Na4 37. Ne2 Nb6 38. Rf1 Qa6 39. Nc2 Ne8 40. Ra1 Qc8 41. Rxa8 Nxa8 42. Nc3 Qb7 43. Qa2 Nac7 44. Qa7 Qxa7 45. Bxa7 Bg5 46. Kf1 Bd2 47. Nb1 Bc1 48. Ke2 f5 49. f3 Kf7 50. Nc3 Bb2 51. Nb1 Bc1 52. Be3 Bxe3 53. Kxe3 f4+ 54. Kd2 Ke7 55. Nca3 Kd8 56. Kc2 Kc8 57. Nc3 Kb7 58. Bxb5 Nxb5 59. Naxb5 g5 60. Na3 h5 61. Nc4 Ka6 62. Kd2 Bb5 63. Nxb5 Kxb5 64. Kc3 Ka4 65. Nb2+ Kb5 66. Kb3 Ka6 67. Nc4 Kb5 68. Na3+ Ka6 69. Ka4 Nc7 70. b5+ Kb6 71. Kb4 Na8 72. Nc4+ Kc7 73. Ka5 1-0

[Event "Vojvodina-ch 5th"]
[Site "Novi Sad"]
[Date "2014.07.16"]
[Round "6"]
[White "Liou, Yian"]
[Black "Banovic, Ivan"]
[Result "1-0"]
[WhiteElo "2387"]
[BlackElo "2197"]
[PlyCount "51"]
[EventDate "2014.07.12"]
[EventType "swiss"]
[EventRounds "9"]
[EventCountry "YUG"]
[SourceTitle "CBM 161 Extra"]
[Source "ChessBase"]
[SourceDate "2014.08.29"]
[SourceVersion "1"]
[SourceVersionDate "2014.08.29"]
[SourceQuality "1"]

1. e4 e6 2. d3 c5 3. Nf3 d5 4. exd5 exd5 5. d4 Nc6 6. Be2 Nf6 7. 0-0 Be7 8. dxc5 Bxc5 9. Bg5 Be6 10. Nbd2 0-0 11. Nb3 Bd6 12. c3 h6 13. Bh4 Be7 14. Nfd4 Rc8 15. Re1 Ne4 16. Bxe7 Qxe7 17. Bd3 Nd6 18. Bc2 Nxd4 19. Nxd4 Qd7 20. Qd3 Rfe8 21. Qh7+ Kf8 22. Qh8+ Ke7 23. Qxg7 Kd8 24. Qxh6 Kc7 25. Qf4 Rg8 26. Ba4 1-0

[Event "Novi Sad op"]
[Site "Novi Sad"]
[Date "2014.06.30"]
[Round "4"]
[White "Liou, Yian"]
[Black "Martorelli, Antonio"]
[Result "1/2-1/2"]
[WhiteElo "2387"]
[BlackElo "2269"]
[PlyCount "20"]
[EventDate "2014.06.27"]
[EventType "swiss"]
[EventRounds "10"]
[EventCountry "SRB"]
[SourceTitle "EXT 2016"]
[Source "ChessBase"]
[SourceDate "2015.10.08"]
[SourceVersion "1"]
[SourceVersionDate "2015.10.08"]
[SourceQuality "1"]

1. e4 c5 2. Nf3 e6 3. d4 cxd4 4. Nxd4 a6 5. Bd3 Bc5 6. Nb3 Be7 7. 0-0 Nc6 8. Qe2 d6 9. Be3 Nf6 10. a4 e5 1/2-1/2

[Event "Bay Area op"]
[Site "Santa Clara"]
[Date "2014.01.05"]
[Round "6"]
[White "Piasetski, Leon David"]
[Black "Liou, Yian"]
[Result "1/2-1/2"]
[WhiteElo "2289"]
[BlackElo "2391"]
[PlyCount "72"]
[EventDate "2014.01.02"]
[EventType "swiss"]
[EventRounds "9"]
[EventCountry "USA"]
[SourceTitle "CBM 158 Extra"]
[Source "ChessBase"]
[SourceDate "2014.02.28"]
[SourceVersion "1"]
[SourceVersionDate "2014.02.28"]
[SourceQuality "1"]

1. Nf3 d5 2. d4 Nf6 3. c4 c6 4. e3 a6 5. a4 g6 6. Nc3 Bg7 7. Be2 0-0 8. 0-0 a5 9. Bd2 e6 10. Qb3 Nbd7 11. Rfd1 Re8 12. Be1 b6 13. Qc2 Bb7 14. e4 Nxe4 15. Nxe4 dxe4 16. Qxe4 Qe7 17. Bc3 f5 18. Qe3 c5 19. dxc5 Bxc3 20. Qxc3 Nxc5 21. Ne5 Rad8 22. f3 Rxd1+ 23. Bxd1 Rd8 24. Bc2 Rd6 25. Rd1 Rxd1+ 26. Bxd1 Qd6 27. Bc2 Bc6 28. b3 Nd7 29. f4 Nc5 30. h3 Be4 31. Bxe4 Nxe4 32. Qd3 Qc5+ 33. Kh2 Qf2 34. Qd8+ Kg7 35. Nd3 Qg3+ 36. Kg1 Qe3+ 1/2-1/2

[Event "Bay Area op"]
[Site "Santa Clara"]
[Date "2014.01.03"]
[Round "3"]
[White "Liou, Yian"]
[Black "Wang, Chen"]
[Result "0-1"]
[WhiteElo "2391"]
[BlackElo "2507"]
[PlyCount "80"]
[EventDate "2014.01.02"]
[EventType "swiss"]
[EventRounds "9"]
[EventCountry "USA"]
[SourceTitle "CBM 158 Extra"]
[Source "ChessBase"]
[SourceDate "2014.02.28"]
[SourceVersion "1"]
[SourceVersionDate "2014.02.28"]
[SourceQuality "1"]

1. e4 c5 2. Nf3 e6 3. g3 Nc6 4. Bg2 Nf6 5. Qe2 Be7 6. 0-0 d5 7. d3 d4 8. e5 Nd5 9. h4 h6 10. a4 b6 11. Nbd2 Qc7 12. Re1 Bb7 13. Nf1 0-0-0 14. N1h2 Ncb4 15. Ng4 Kb8 16. h5 Rc8 17. Qd2 Qd7 18. b3 Bg5 19. Nxg5 hxg5 20. h6 gxh6 21. Ba3 h5 22. Nh2 h4 23. Bxb4 cxb4 24. Ng4 a5 25. Rac1 Qe7 26. Qe2 Nc3 27. Qf1 Na2 28. Ra1 Rxc2 29. Re2 Rxe2 30. Qxe2 Nc3 31. Qf1 Rc8 32. Re1 Nd5 33. Re4 hxg3 34. Rxd4 gxf2+ 35. Qxf2 Nf4 36. Bf1 Rh8 37. Qe3 Bd5 38. Nf6 Qc7 39. Nxd5 exd5 40. Bg2 Qc5 0-1

[Event "Los Angeles Metropolitan 28th"]
[Site "Los Angeles"]
[Date "2013.08.17"]
[Round "8"]
[White "Liou, Yian"]
[Black "Moradiabadi, Elshan"]
[Result "1/2-1/2"]
[WhiteElo "2402"]
[BlackElo "2547"]
[PlyCount "52"]
[EventDate "2013.08.13"]
[EventType "tourn"]
[EventRounds "9"]
[EventCountry "USA"]
[EventCategory "8"]
[SourceTitle "CBM 156 Extra"]
[Source "ChessBase"]
[SourceDate "2013.10.22"]
[SourceVersion "1"]
[SourceVersionDate "2013.10.22"]
[SourceQuality "1"]

1. e4 e5 2. Nf3 Nc6 3. Bb5 Nf6 4. 0-0 Nxe4 5. Re1 Nd6 6. Nxe5 Be7 7. Bf1 Nxe5 8. Rxe5 0-0 9. d4 Ne8 10. c3 d6 11. Re1 Nf6 12. Bd3 Bg4 13. Qb3 b6 14. Bf4 Qd7 15. Nd2 Rfe8 16. Qc2 h6 17. Nf1 Be6 18. Ng3 Bf8 19. Nf5 Nd5 20. Bd2 Ne7 21. Ne3 Nd5 22. Nf1 Nf6 23. h3 c5 24. Ne3 cxd4 25. cxd4 Rac8 26. Qd1 d5 1/2-1/2

[Event "Los Angeles Metropolitan 28th"]
[Site "Los Angeles"]
[Date "2013.08.15"]
[Round "4"]
[White "Liou, Yian"]
[Black "Banawa, Joel Cholo"]
[Result "1/2-1/2"]
[WhiteElo "2402"]
[BlackElo "2348"]
[PlyCount "110"]
[EventDate "2013.08.13"]
[EventType "tourn"]
[EventRounds "9"]
[EventCountry "USA"]
[EventCategory "8"]
[SourceTitle "CBM 156 Extra"]
[Source "ChessBase"]
[SourceDate "2013.10.22"]
[SourceVersion "1"]
[SourceVersionDate "2013.10.22"]
[SourceQuality "1"]

1. e4 e6 2. Qe2 c5 3. Nf3 Nc6 4. g3 g6 5. Bg2 Bg7 6. 0-0 Nge7 7. c3 0-0 8. Rd1 e5 9. Na3 d6 10. Nc2 Qb6 11. Ne3 h6 12. h4 f5 13. d3 Be6 14. Nd2 Qd8 15. Nd5 Qd7 16. Nf1 Rae8 17. Nh2 Nd8 18. Be3 f4 19. Bd2 Rf7 20. h5 g5 21. Bf3 fxg3 22. fxg3 Ref8 23. Nxe7+ Qxe7 24. Rf1 Qd7 25. b3 Nc6 26. Bg4 Rxf1+ 27. Rxf1 Rxf1+ 28. Kxf1 Qf7+ 29. Kg2 Ne7 30. Bxe6 Qxe6 31. Ng4 Kf8 32. Ne3 Ke8 33. c4 Kd8 34. Qd1 Kc8 35. a3 Kb8 36. b4 Qd7 37. Bc3 Qc8 38. Qf3 Qe6 39. Qe2 Qd7 40. Qb2 Kc8 41. Qf2 Qe6 42. bxc5 dxc5 43. Nf5 Nxf5 44. Qxc5+ Kb8 45. exf5 Qxf5 46. Qd5 Kc7 47. Ba5+ b6 48. Qa8 bxa5 49. Qxa7+ Kc8 50. Qxg7 Qxd3 51. Qf8+ Kd7 52. Qf7+ Kd8 53. Qg8+ Kd7 54. Qg7+ Kc8 55. Qh8+ Kd7 1/2-1/2

[Event "Los Angeles Metropolitan 28th"]
[Site "Los Angeles"]
[Date "2013.08.14"]
[Round "3"]
[White "Khachiyan, Melikset"]
[Black "Liou, Yian"]
[Result "1/2-1/2"]
[WhiteElo "2508"]
[BlackElo "2402"]
[PlyCount "51"]
[EventDate "2013.08.13"]
[EventType "tourn"]
[EventRounds "9"]
[EventCountry "USA"]
[EventCategory "8"]
[SourceTitle "CBM 156 Extra"]
[Source "ChessBase"]
[SourceDate "2013.10.22"]
[SourceVersion "1"]
[SourceVersionDate "2013.10.22"]
[SourceQuality "1"]

1. Nf3 d5 2. g3 Nf6 3. Bg2 c6 4. 0-0 Bf5 5. c4 e6 6. Qb3 Qb6 7. d3 h6 8. Nc3 Nbd7 9. Qxb6 axb6 10. cxd5 Nxd5 11. e4 Nxc3 12. exf5 Ne2+ 13. Kh1 Nxc1 14. fxe6 Nxa2 15. exd7+ Kxd7 16. Ne5+ Kc7 17. Nxf7 Rg8 18. d4 Bd6 19. d5 Nb4 20. dxc6 bxc6 21. Rad1 Bc5 22. Bh3 Nd5 23. Be6 Nf6 24. f4 Rge8 25. f5 Ra4 26. b3 1/2-1/2